000 00302nam a2200133Ia 4500
005 20251222143149.0
008 251222s9999||||xx |||||||||||||| ||spa||
082 _a373.291/G22
100 _aGarcía, Sixto
245 0 _aFilosofía y Lógica
250 _a5a.ed.
264 _bLabrusa
942 _cLIB
999 _c12625
_d12625